Resource mobilization and social movements: a partial theory /
Uloženo v:
| Hlavní autor: | |
|---|---|
| Další autoři: | |
| Médium: | Text |
| Tagy: |
Přidat tag
Žádné tagy, Buďte první, kdo vytvoří štítek k tomuto záznamu!
|
MARC
| LEADER | 00000 a a2200000 04500 | ||
|---|---|---|---|
| 001 | 43763 | ||
| 003 | |||
| 040 | |||
| 100 | |a Mccarthy, John D. | ||
| 245 | |a Resource mobilization and social movements: |b a partial theory / |c John D. Mccarthy ; Mayer N. Zald | ||
| 700 | |a Zald, Mayer N. | ||
| 773 | |g páginas 40-50 | ||
| 999 | |c 19873 |d 19873 | ||
